000
00314nam a2200133Ia 4500
008
230818s2006 xx 000 0 und d
041
_a
eng
100
_a
Dix
245
_a
Front office operation
260
_b
Pearson Education Pub.
_c
2006
300
_a
218p
520
_a
General
999
_c
852293
_d
852293
650
_a
Hotel Front office